| 000 | 00597nam a2200181 4500 | ||
|---|---|---|---|
| 999 |
_c170789 _d170789 |
||
| 005 | 20220607163025.0 | ||
| 010 | _aENG-127245 | ||
| 020 |
_a9789386224750 _c599.00 |
||
| 035 | _aEN-110777 | ||
| 037 | _bDBAD/PUB | ||
| 082 | _a882 | ||
| 100 | _aNair, M.T. Vasudevan | ||
| 245 |
_aNirmalyam, oppol & ennu swantham janakikutty : _bthree screenplays and their stories / _cby M.T. Vasudevan Nair |
||
| 260 |
_aNew Delhi _bTranquebar Press _c2017 |
||
| 270 |
_a93, Ist Floor, Sham Lal Road _bDaryaganj, New Delhi _e110002 |
||
| 300 |
_a301p. _c23cm(Hb) |
||
| 942 |
_2ddc _cEN _h882 _mVAS |
||